000 00553nam a2200205 i 4500
001 20994
003 ES-MaACL
005 20251212063014.0
007 t|
008 021120s1976 sp ||||1| spa d
100 _aAlarcos Llorach, Emilio
_eaut
_9242618
110 1 _a
_9242596
245 1 0 _aEnsayos y estudios literarios /
_cEmilio Alarcos Llorach.
250 _a[1ª ed.].
260 _a[Madrid] :
_bJúcar,
_c[1976]
300 _a249 p. ;
_c20 cm.
852 _aES-MaACL
_jA-6192
_bR.95408
942 _2udc
999 _c20994
_d20994